• 首页
  • 本馆介绍
  • 公告通知
  • 最新文献
  • 馆藏检索
  • 电子资源
  • 读者导购
  • 参考咨询
  • 我的图书馆
  • 登录
  • 详细信息显示
  • 放入我的书架
  • 预约/预借图书
  • 作者相关作品
  • 分类相关作品
  • 丛书相关作品
  • 出版社相关作品

书目信息

  • 表格格式
  • 工作单格式
  • 卡片格式
题名:
打开人类的智慧之门
    
 
作者: 杨大路 编著
分册:  
出版信息: 南昌   江西教育出版社  2016
页数: 242页
开本: 24cm
丛书名: 见证传奇
单 册:
中图分类: N19-49
科图分类:
主题词: 科学发现--ke xue fa xian--普及读物
电子资源:
ISBN: 978-7-5392-8463-7
000 01033nam0 22002771 450
001 0122100700
005 20170322100700.0
010    @a978-7-5392-8463-7@dCNY34.00
100    @a20160408d2016 em y0chiy50 ea
101 0  @achi
102    @aCN@b360000
105    @aabh z 000yy
106    @ar
200 1  @a打开人类的智慧之门@9da kai ren lei de zhi hui zhi men@e科学大发现@f杨大路编著
210    @a南昌@c江西教育出版社@d2016
215    @a242页@c彩图, 地图, 摹真@d24cm
225 2  @a见证传奇@9jian zheng chuan qi
330    @a本书挑选了人类发现历程中的典型事件,反映了对人类思维局限的重大突破,纠正了人类传统经验的偏颇之处。大发现的事件包括对宇宙天体运行的重新认识、对大自然物理规律的窥视、对人类来源和人类精微结构的探秘。
333    @a适用于文学爱好者及相关读者。
461  0 @12001 @a见证传奇
517 1  @a科学大发现@9ke xue da fa xian
606 0  @a科学发现@9ke xue fa xian@j普及读物
690    @aN19-49@v5
701  0 @a杨大路@9yang da lu@4编著
801  0 @aCN@bTANGWEI@c20170308
905    @b0958842-5@dN19-49@e108@f4
    
    打开人类的智慧之门:科学大发现/杨大路编著.-南昌:江西教育出版社,2016
    242页:彩图, 地图, 摹真;24cm.-(见证传奇)
    使用对象:适用于文学爱好者及相关读者。
    
    ISBN 978-7-5392-8463-7:CNY34.00
    本书挑选了人类发现历程中的典型事件,反映了对人类思维局限的重大突破,纠正了人类传统经验的偏颇之处。大发现的事件包括对宇宙天体运行的重新认识、对大自然物理规律的窥视、对人类来源和人类精微结构的探秘。
●
相关链接 在E读中查询图书 在五车中查询图书 在当当中查询图书 在豆瓣中查询图书


正题名:打开人类的智慧之门     索取号:N19-49/108         预约/预借

序号 登录号 条形码 馆藏地/架位号 状态 备注
1 0958842   209588427   第二样本阅览室/ [索取号:N19-49/108] 在馆    
2 0958843   209588436   第三借阅区/ [索取号:N19-49/108] 在馆    
3 0958844   209588445   第三借阅区/ [索取号:N19-49/108] 在馆    
4 0958845   209588454   第三借阅区/ [索取号:N19-49/108] 在馆    
唐山师范学院图书馆 欢迎您!
大连网信软件有限公司© 版权所有